แสดงรายละเอียดบรรณานุกรม
  กลับหน้าหลัก

Brief Record : Get Marc (ISO 2709) : E-mail record : QR code ปิดหน้าต่าง
E-books : เกี่ยวกับ Collections
LEADER 00000nam 2200000uu 4500
001    213937
003     ULIBM
008    230907s||||||||th 000 0 tha d
020    ^a978-616-586-721-4
040    ^abcnkk
041    ^atha
050  4 ^aPE1128.A2^bช552จ 2564
100 0  ^aชไมภัค เตชัสอนันต์
245 10 ^aจิตวิทยาการเรียนการสอนภาษาอังกฤษ =^bPsychology for englishlanguage learners and teachers /^cชไมภัค เตชัสอนันต์
246 31 ^aPsychology for english language learners and teachers
250    ^aพิมพ์ครั้งที่ 1
260    ^aกรุงเทพฯ :^bภาควิชาภาษาศาสตร์ คณะมนุษยศาสตร์มหาวิทยาลัยเกษตรศาสตร์,^c2564
300    ^a275 หน้า :^bภาพประกอบ ;^c26 ซม.
650  4 ^aภาษาอังกฤษ^xการศึกษาและการสอน
710 2  ^aมหาวิทยาลัยเกษตรศาสตร์.^bคณะมนุษยศาสตร์.^bภาควิชาภาษาศาสตร์
999    ^aใช้งานได้ทุกระบบ
รายการนี้ยังไม่มีแท็ก
คุณยังไม่ได้ล็อกอิน คุณสามารถมีกิจกรรมร่วมกับเว็บไซต์ได้ แต่ต้องล็อกอินก่อน ::
  ล็อกอิน
ลำดับที่ ประเภท เลขเรียก สถานที่ สถานะ
1. หนังสือทั่วไป
หนังสือทั่วไป
PE1128.A2 ช552จ 2564 ฉ.1 
  
หนังสือทั่วไป ถูกยืม กำหนดส่งวันที่ 10 มิถุนายน 2569
  จอง
Note:จัดซื้อปีงบฯ 2565
2. หนังสือทั่วไป
หนังสือทั่วไป
PE1128.A2 ช552จ 2564 ฉ.2 
  
หนังสือทั่วไป On Shelf
  ขอยืม
Note:จัดซื้อปีงบฯ 2565
   [แสดง 2/2 รายการ]

BibComment


ยังไม่เคยถูกคอมเมนท์

คอมเมนท์ทรัพยากรรายการนี้
  คอมเมนท์: จิตวิทยาการเรียน..
Bib 213937

 
 
 

 Union Library Management : ULibM
Copyright 2026. All Rights Reserved.
скачать бесплатно без регистрации порно красивый секс HD Sex Hindi sex

xxx gou

xxxx

bfxxx

xxxwww

Секса Видео

xxxx

Секса Видео

detube

geilexxx

C99 Shell

worms shell

blod xxx video
Ebony Coed Rihanna Rimes Takes A Dick In Her Young Twat priyaa indian fuck anal and pusssy hardcore indian women xxx desi hardcore fucking part 1 bengalixxxcouple